Angličtina pro sekretariát manažera
Saved in:
| Main Author: | |
|---|---|
| Format: | Book |
| Language: | English Czech |
| Published: |
Praha
Professional Publishing
2006
|
| Subjects: | |
| Tags: |
No Tags, Be the first to tag this record!
|
MARC
| LEADER | 00000nam$a2200000$$$4500 | ||
|---|---|---|---|
| 001 | 0063026 | ||
| 005 | 20240313132727.6 | ||
| 020 | |a 80-86946-02-9 | ||
| 041 | 0 | |a eng | |
| 041 | 0 | |a cze | |
| 044 | |a CZ | ||
| 245 | 1 | 0 | |a Angličtina pro sekretariát manažera |c Pavla Zuzáková |
| 264 | 1 | |a Praha |b Professional Publishing |c 2006 | |
| 300 | |a 148 s. | ||
| 610 | 2 | 0 | |a jazyky cudzie |
| 610 | 2 | 0 | |a komunikácia |
| 610 | 2 | 0 | |a korešpondencia |
| 100 | 1 | |a Zuzáková, Pavla | |